00644nam a2200229 a 4500001001300000003000900013005001700022008004100039020001000080082001500090100001500105245003600120260004000156300000800196500003500204505001000239650001900249902000800268942000700276952011600283999001500399nice12345678IN_TiNIC20260116012629.0050524s1977 glaa grp 000 0 eng  ac10000a262.7bKUN aKung, Hans aWhat Must Remain in the Church. aGlasgowbWilliam Collins Sonsc1977 a32p aincludes index and biblioraphy2 aIndex aChurch-Renewal bSRS cBK 001040708StackRoom-aHMIbHMId2007-07-11g100.00l0o262.7 KUNp013507r2007-07-11v100.00w2005-05-24yBK c7737d7737